| 000 | 00540nam a2200193 i 4500 | ||
|---|---|---|---|
| 001 | 49962 | ||
| 003 | ES-MaACL | ||
| 007 | t| | ||
| 008 | 030728s1984 sp ||||1| spa d | ||
| 020 | _a84-85622-74-X | ||
| 100 | 1 |
_aCrespo, Ricardo. _941532 |
|
| 245 | 1 | 0 |
_aMelilla en el aire / _cRicardo Crespo. |
| 260 |
_aGranada : _bDon Quijote, _c[1984] |
||
| 300 |
_a182 p. ; _c19 cm. |
||
| 490 | 1 |
_aEl Caballero andante ; _v5 |
|
| 830 | 0 |
_aEl Caballero andante ; _v5 _9230110 |
|
| 852 |
_aES-MaACL _jL-9920 _bR.110960 |
||
| 999 |
_c49962 _d49962 |
||